| 000 | 01192nam a2200265Ia 4500 | ||
|---|---|---|---|
| 003 | OSt | ||
| 005 | 20221002044353.0 | ||
| 006 | a|||||r|||| 00| 0 | ||
| 007 | ta | ||
| 008 | 220930b |||||||| |||| 00| 0 hin d | ||
| 020 |
_a8181435109 (hbk) _c6000 |
||
| 024 | _a2772 | ||
| 037 |
_bBR6651, 24/01/2013, Rajkamal Prakashan Pvt. Ltd. _cReference Collections |
||
| 040 |
_aCRL _cCRL _bhin |
||
| 041 |
_2hin _ahin |
||
| 082 | _aO152,6M94x, P7.1-.8(RR) | ||
| 100 |
_aबख्शी, वाचस्पति पदुमलाल पुन्नालाल _9569249 |
||
| 245 | 0 | _aबखशी ग्रंथावली | |
| 260 |
_aनईदिल्ली _b वाणी प्रकाशन _c2007 |
||
| 490 | _vखंड 1 | ||
| 650 | _aहिन्दी साहित्य | ||
| 700 | _a श्रीवास्तव, नलिनी, संपा. | ||
| 942 |
_hO152,6M94x, P7.1-.8(RR) _cref _2CC |
||
| 999 |
_c910222 _d910222 |
||